LEADER 01224nam a2200229 u 4500 001 000000000636 003 CaOOAMICUS 005 20070226104225.0 008 940513n xx u000 u und u 035 $a10012159 040 $aPUL$bita 100 1 $aMancuso, Umberto.$0(OLS)http://pul/name/708 245 10$aRoma e voi :$bl'urbe di Augusto rievocata, il Carme Secolare restituito alla gioventù italiana /$cda Umberto Mancuso. Con una presentazione di Carlo Formichi. Centocinquanta illustrazioni, un itinerario topografico, una pagina musicale. 260 $aMilano :$bBompiani,$c1937-38. 300 $a330 p. :$bant., tav. ;$c25 cm 651 4$aRoma$xCiviltà.$0(OLS)http://pul/subject/351 700 1 $aHoratius Flaccus, Quintus,$d65-8 a.C.$tCarmen saeculare$9(Horatius Flaccus, Quintus, 65-8 a.C.)$lItaliano.$0(OLS)http://pul/name/709 850 $aPUL 852 $aPUL$W1$xDP1 Fondo Cecchetti$y53$m269 E 3$j815$nBK-PRI$b $qFondi$B815$CPULBib$Z2$F815 $HPUL2773 $81 941 1 $a1 996 $6245$aRoma e voi :$bl'urbe di Augusto rievocata, il Carme Secolare restituito alla gioventù italiana$9(OLS)http://pul/title/881 996 $6260$aMilano :$bBompiani$9(OLS)http://pul/publisher/48240 LEADER 01052nam a2200277 u 4500 001 000000049032 003 CaOOAMICUS 005 20070226115051.0 008 000613s1949 it u000 u ita u 035 $a10849954 040 $aPUL$bita 100 1 $aDe Ruggiero, Guido,$d1888-1948.$0(OLS)http://pul/name/5898 245 10$aStoria del liberalismo europeo /$cGuido de Ruggiero. 250 $a5a ed. 260 $aBari :$bLaterza,$c1949. 300 $a499 p. ;$c21 cm 490 1 $aCollezione storica 504 $aBibliografia: p. 473-495. 650 4$aLiberalismo$zEuropa.$0(OLS)http://pul/subject/20664 830 0$aCollezione storica (Editori Laterza).$0(OLS)http://pul/title/118 850 $aPUL 852 $aPUL$W1$xDP1 Fondo Maccarrone$y58$m1514 B 5$j65221$nBK-PRI$b $qFondi$B65221$CPULBib$Z2$F65221 $H $81 941 1 $a1 961 $aINV: 3245.F.Maccarrone 996 $6245$aStoria del liberalismo europeo$9(OLS)http://pul/title/66108 996 $6260$aBari :$bLaterza$9(OLS)http://pul/publisher/47895